000 02507cam a22002174a 4500
005 20250605163947.0
008 250528s ||||||||||||||||||||||||d
035 _a15238
020 _a133394085
040 _aGR-AtMCL
_bgre
_dGR-AtMCL
_eAACR2
245 1 _aFundamentals of Financial Management / 4th Edition
250 _a4th
260 _bPrentice Hall,
_c1980
300 _a656
505 0 _aPreface, Introduction, The Role of Financial Management, The Legal and Tax Environment, Principles of Financial Returns, The Role of Financial Markets for the Business Firm, Compound Interest and Present Value, Foundations for Valuation, Tools of Financial Analysis and Planning, Financial Analysis, Funds Analysis and Financial Planning, Working - Capital Management, Current Asset and Liability Structure Decisions, Cash and Marketable Securities, Accounts Receivable, Inventory Management and Control, Spontaneous Financing, Short-Term Borrowings, Investing in Capital Assets, Capital Budgeting, Risk and Capital Budgeting, Required Returns on Capital Investments, Capital Structure and Dividend Policies, Leveraging the Firm, Conceptual Aspects of Capital Structure, Dividend Policy and Retained Earnings, Longer-Term Financing-Instruments and Markets, Financing the Firm Externally, Term and Lease Financing, Long-Term Debt, Preferred Stock and Common Stock, Expansion and Contraction, Index.
520 _aPreface, Introduction, The Role of Financial Management, The Legal and Tax Environment, Principles of Financial Returns, The Role of Financial Markets for the Business Firm, Compound Interest and Present Value, Foundations for Valuation, Tools of Financial Analysis and Planning, Financial Analysis, Funds Analysis and Financial Planning, Working - Capital Management, Current Asset and Liability Structure Decisions, Cash and Marketable Securities, Accounts Receivable, Inventory Management and Control, Spontaneous Financing, Short-Term Borrowings, Investing in Capital Assets, Capital Budgeting, Risk and Capital Budgeting, Required Returns on Capital Investments, Capital Structure and Dividend Policies, Leveraging the Firm, Conceptual Aspects of Capital Structure, Dividend Policy and Retained Earnings, Longer-Term Financing-Instruments and Markets, Financing the Firm Externally, Term and Lease Financing, Long-Term Debt, Preferred Stock and Common Stock, Expansion and Contraction, Index.
700 1 _aVan Horne James C
_91116
942 _cBK
999 _c831
_d831